[Event "Simultan Montreal 2009"]
[Site "Montreal CAN"]
[Date "2009.09.08"]
[Round "?"]
[White "GM Nataf, Igor"]
[Black "Lange, David"]
[Result "0-1"]
[WhiteElo "2529"]
[BlackElo "1978"]
[PlyCount "82"]
[EventDate "2009.09.08"]

1. e4 c5 2. Nf3 d6 3. d4 cxd4 4. Qxd4 Nc6 5. Bb5 Bd7 6. Bxc6 Bxc6 7. c4 Nf6 8.
Nc3 g6 9. h3 Bg7 10. Qe3 O-O 11. O-O Qc7 12. Bd2 a6 13. Rfc1 e6 14. Nd5 exd5
15. cxd5 Rfe8 16. dxc6 bxc6 17. e5 dxe5 18. Qc5 e4 19. Nd4 Nd7 20. Qc4 c5 21.
Be3 Qb7 22. Ne2 Qxb2 23. Rab1 Ne5 24. Rxb2 Nxc4 25. Rb7 Nxe3 26. fxe3 Bf8 27.
Nc3 Rad8 28. Kf2 Rd2+ 29. Ke1 Rxg2 30. Nd5 Rd8 31. Nf6+ Kg7 32. Nd7 Rg1+ 33.
Kd2 Rxc1 34. Kxc1 Bd6 35. Kd2 g5 36. Ke2 h5 37. a4 a5 38. Ra7 c4 39. Nb6 c3 40.
Rxa5 Bb4 41. Rxg5+ Kh6 0-1

[Event "Østlandsserien 2000/2001, 2. div. A"]
[Site "Oslo NOR"]
[Date "2000.12.03"]
[Round "2"]
[White "Carlsen, Magnus"]
[Black "Furnes, Harald"]
[Result "0-1"]
[WhiteElo "1323"]
[BlackElo "1763"]
[PlyCount "102"]
[EventDate "2000.11.12"]
[WhiteTeam "NTG"]
[BlackTeam "SK 1911 1"]

1. d4 d5 2. c4 c6 3. Nf3 Nf6 4. Nc3 e6 5. Bg5 Be7 6. e3 Nbd7 7. Rc1 O-O 8. Bd3
dxc4 9. Bxc4 Nd5 10. Bxe7 Qxe7 11. a3 Nxc3 12. Rxc3 e5 13. O-O e4 14. Nd2 Nf6
15. f3 Be6 16. Bxe6 Qxe6 17. Rc5 exf3 18. Qxf3 Qg4 19. Qf2 Rae8 20. h3 Qg6 21.
Qh4 Ne4 22. Nxe4 Qxe4 23. Qxe4 Rxe4 24. Rf3 Rd8 25. Kf2 f6 26. Rcf5 {
med remistilbud} Kf7 27. Ra5 a6 28. Ra4 c5 29. Rc4 cxd4 30. Rc7+ Re7 31. Rxe7+
Kxe7 32. exd4 Rxd4 33. Ke2 Rd5 34. Rc3 Kd7 35. Rc4 a5 36. Rh4 h6 37. Rc4 b5 38.
Rc1 h5 39. Rc3 h4 40. Rc2 Rg5 41. Kf3 Rg3+ 42. Kf2 Rb3 43. Ke1 g5 44. Kd2 Kd6
45. Kc1 a4 46. Rd2+ Ke5 47. Rf2 f5 48. Kd1 Ke4 49. Ke1 f4 50. Re2+ Re3 51. Kf2
Kd3 0-1

[Event "VM for seniorer 1999"]
[Site "Gladenbach DEU"]
[Date "1999.??.??"]
[Round "7"]
[White "Nietsch, Horst"]
[Black "Sondresen, Per"]
[Result "0-1"]
[WhiteElo "1947"]
[BlackElo "1796"]
[PlyCount "116"]

1. e4 e6 2. Qe2 c5 3. g3 Nc6 4. Bg2 Be7 5. Nf3 d5 6. d3 d4 7. O-O e5 8. a4 Be6
9. Na3 Qd7 10. Nc4 f6 11. a5 Bg4 12. Bd2 h5 13. h4 g5 14. Kh2 gxh4 15. gxh4 Nh6
16. Bxh6 Rxh6 17. Qd2 Rg6 18. Ne1 O-O-O 19. f3 Be6 20. Rh1 Rdg8 21. Qf2 Bf8 22.
Kg1 Bh6 23. Kf1 Kc7 24. Ke2 Qg7 25. Bf1 Bf4 26. Kd1 Qh6 27. c3 Bxc4 28. dxc4
Be3 29. Qe2 Rd8 30. Nd3 Qf8 31. Kc2 Qd6 32. Bh3 Rg3 33. Bf1 Rdg8 34. Bh3 Rd8
35. Bf1 Ne7 36. Kb3 Ng6 37. Rd1 Nf4 38. Nxf4 Bxf4 39. Qd3 Qe6 40. Be2 Qa6 41.
cxd4 exd4 42. Ra1 Rg2 43. e5 fxe5 44. Rhg1 Rxg1 45. Rxg1 Qxa5 46. Rg7+ Kb8 47.
Qe4 Qb4+ 48. Ka2 a5 49. Qc2 Ka7 50. Bd3 Rd6 51. Rg6 Rd7 52. Be4 a4 53. Bd5 Be3
54. Re6 d3 55. Qxd3 Bd4 56. Qc2 Rg7 57. Rh6 Rg1 58. Rh7 {
Legg merke til den vakre sluttkombinasjonen.} 58... Qa3+ $3 0-1

[Event "Simultan, NM i Molde 2004"]
[Site "Molde, Møre og Romsdal NOR"]
[Date "2004.07.02"]
[Round "?"]
[White "Carlsen, Magnus"]
[Black "Weberg, Øivind"]
[Result "1-0"]
[WhiteElo "2568"]
[BlackElo "1561"]
[Annotator "?"]
[PlyCount "101"]

1. e4 e5 2. Nf3 Nc6 3. Bb5 a6 4. Ba4 Nf6 5. O-O Be7 6. Re1 b5 7. Bb3 O-O 8. c3
d5 {Marshallvarianten.} 9. exd5 Nxd5 10. Nxe5 Nxe5 11. Rxe5 Nf6 12. d4 Bd6 13.
Re1 Ng4 14. h3 Qh4 15. Qf3 Nxf2 16. Bd2 Bxh3 17. gxh3 Nxh3+ 18. Kf1 g5 19. Re4
Bf4 20. Bxf4 gxf4 {Webergvarianten i Marshallgambit! Vanligere er Sxf4.} 21.
Nd2 Kh8 22. Ke2 Rg8 23. Rh1 Rg3 24. Rxh3 Qxh3 25. Qxf4 Qh2+ 26. Kd1 Rg1+ 27.
Kc2 Qxf4 28. Rxf4 Rf8 29. Rf6 Rg6 30. Rf5 Kg7 31. a4 c6 32. Ne4 Rg2+ 33. Kb1 f6
34. Nc5 Kg6 35. Rf3 Re8 36. Bc2+ Kf7 37. Be4 h6 38. a5 Rg4 39. Bxc6 Re2 40. Rd3
Rg1+ 41. Ka2 Rf1 42. Rf3 Rxf3 43. Bxf3 Re7 44. Bb7 Rxb7 45. Nxb7 h5 46. Nc5 f5
47. Nxa6 h4 48. Nc5 h3 49. Nd3 Kf6 50. a6 h2 51. Nf2 1-0

[Event "Østlandsserien 2001/2002. 1. divisjon."]
[Site "Ås, Akershus NOR"]
[Date "2001.11.10"]
[Round "1"]
[White "Gaasland, Glenn"]
[Black "Carlsen, Magnus"]
[Result "0-1"]
[WhiteElo "1966"]
[BlackElo "1907"]
[PlyCount "50"]
[EventDate "2001.11.10"]
[WhiteTeam "Follo 1"]
[BlackTeam "Asker 1"]

1. d4 Nf6 2. c4 e6 3. Nc3 Bb4 4. Qc2 O-O 5. a3 Bxc3+ 6. Qxc3 b6 7. Bg5 Bb7 8.
f3 d5 9. e3 Nbd7 10. Bd3 h6 11. Bh4 Qe8 12. Bg3 Rc8 13. c5 bxc5 14. dxc5 d4 15.
Qxd4 e5 16. Qc3 e4 17. c6 exd3 18. Bf2 Nd5 19. cxd7 Qxd7 20. Qxd3 Qe6 21. O-O-O
c5 22. Qc4 Rfd8 23. e4 Ne3 $1 24. Rxd8+ Rxd8 25. Qe2 Qc4+ $1 0-1

[Event "Uruguay-mesterskapet"]
[Site "Follo"]
[Date "1970.??.??"]
[Round "?"]
[White "Fuentes, M."]
[Black "Weberg, Øivind"]
[Result "0-1"]
[WhiteElo "2005"]
[BlackElo "1927"]
[Annotator "Weberg, Øivind"]
[PlyCount "96"]
[EventDate "1970.??.??"]

{Dette var siste runde. Om jeg vant, ville jeg bli Campeon Uruguay ! Jeg hadde
vunnet tre partier med Marshall-gambit i turneringen, så jeg var sikker på at
Fuentes var forberedt. Men for første gang i en stor turnering spilte jeg
siciliansk som sort. Fuentes så på meg og tenkte nesten 20 mintter før sitt
andre trekk.} 1. e4 c5 2. Nf3 d6 3. d4 cxd4 4. Nxd4 Nf6 5. Nc3 Nc6 6. Bg5 e6 7.
Be2 Be7 8. Qd2 $2 {Samme feil har jeg gjort mange ganger som hvit. Taper bonde.
} Nxe4 9. Bxe7 Nxd2 10. Bxd8 Nxd4 11. Kxd2 Nxe2 12. Kxe2 Kxd8 {Når røyken
hadde lagt seg, sto jeg med bonde over.} 13. Rad1 d5 14. Nb5 Ke7 15. Rhe1 Bd7
16. Nc3 Rac8 $1 {Den eneste linjen som er åpen.} 17. Kf1 $1 Kd6 $1 ({Det truet
} 17... Rhd8 {men kongen skal jo forover i sluttspillet.}) 18. Ne4+ Kc7 19. Ng5
Bb5+ 20. Kg1 Rcf8 21. Re3 Kd7 22. b3 h6 23. Nf3 Kd6 24. Nd4 ({Jeg hadde ventet
} 24. c4 $1 Bc6 25. b4 Rc8 26. c5+ Kc7 27. Nd4) 24... Bd7 25. c4 Rc8 $1 {Jeg
måtte få til noe motspill, for hvit hadde initiativet.} 26. cxd5 exd5 27. Red3
Rhe8 $1 28. f3 b5 29. Kf2 b4 30. R3d2 Rb8 {Jeg likte ikke å gjøre dette, men
jeg hadde en bonde fri.} 31. Ne2 Rb5 32. Nf4 Re5 33. Rd4 Rc5 34. R1d2 (34. Nd3
Rc2+ 35. Kg1 Ree2 36. Nf4 $16) 34... Bb5 35. Rxb4 g5 {Begge har tidsnød.} 36.
a4 Ba6 37. Nh5 Rc3 38. Nf6 Kc5 39. Rb8 Kc6 40. Ng4 Re6 {Tidsnøden er over og
jeg har mistet merbonden, men jeg synes jeg står litt bedre.} 41. b4 f5 42. b5+
Kc7 $1 43. Ra8 $4 (43. Rh8 $11) 43... Bb7 44. Rxa7 Kb6 $1 45. Rxb7+ Kxb7 46.
Nxh6 Rxh6 47. Rxd5 Rc2+ 48. Kf1 Rf6 {Oppgitt. Og min rating var gått opp til
2120.} 0-1

[Event "Fagernes International Autumn 2023"]
[Site "Fagernes, Innlandet NOR"]
[Date "2023.10.08"]
[Round "1"]
[White "Aamodt, Peder Marcus"]
[Black "Heinemann, Josefine"]
[Result "1/2-1/2"]
[WhiteElo "1951"]
[BlackElo "2296"]
[PlyCount "63"]
[EventDate "2023.??.??"]

1. e4 c5 2. Nf3 d6 3. Bb5+ Nd7 4. a4 Ngf6 5. Nc3 a6 6. Be2 b6 7. d4 cxd4 8. Qxd4 Bb7 9. O-O e5 10. Qe3 Be7 11. Nd2 O-O 12. Nc4 Nc5 13. f3 Qc7 14. b4 Ncd7 15. Rd1 d5 16. Nxd5 Nxd5 17. exd5 Bxb4 18. Ba3 Bxa3 19. Rxa3 a5 20. d6 Qd8 21. Rb3 Bc6 22. Nxb6 Nxb6 23. Rxb6 Bxa4 24. Bd3 g6 25. Be4 Rc8 26. Ra6 Bxc2 27. Bxc2 Rxc2 28. d7 Qc7 29. Rad6 Rd8 30. Qxe5 Qc5+ 31. Qxc5 Rxc5 32. R6d5 1/2-1/2

[Event "Fagernes International Autumn 2023"]
[Site "Fagernes, Innlandet NOR"]
[Date "2023.10.09"]
[Round "2"]
[White "Vestby-Ellingsen, Mads"]
[Black "Aamodt, Peder Marcus"]
[Result "1-0"]
[WhiteElo "2354"]
[BlackElo "1951"]
[PlyCount "63"]
[EventDate "2023.??.??"]

1. e4 c5 2. Nf3 e6 3. d4 cxd4 4. Nxd4 Nf6 5. Nc3 Nc6 6. Nxc6 bxc6 7. e5 Nd5 8. Ne4 Qc7 9. f4 Qb6 10. c4 Bb4+ 11. Ke2 f5 12. Nf2 Ba6 13. Kf3 Ne7 14. Be3 Bc5 15. Bxc5 Qxc5 16. Qd6 Qb6 17. b3 c5 18. Rd1 Bb7+ 19. Kg3 Rd8 20. Be2 Nc8 21. Qd2 Ne7 22. Qe3 g5 23. Bh5+ Ng6 24. Bxg6+ hxg6 25. fxg5 Qc6 26. Rhg1 d5 27. exd6 f4+ 28. Qxf4 Rf8 29. Qe5 Rf3+ 30. Kh4 Rxf2 31. Qxe6+ Kf8 32. Rdf1 1-0

[Event "Fagernes International Autumn 2023"]
[Site "Fagernes, Innlandet NOR"]
[Date "2023.10.11"]
[Round "4"]
[White "Sieber, Fiona"]
[Black "Aamodt, Peder Marcus"]
[Result "1/2-1/2"]
[WhiteElo "2305"]
[BlackElo "2047"]
[PlyCount "81"]
[EventDate "2023.??.??"]

1. e4 e5 2. Nf3 Nc6 3. Bb5 a6 4. Ba4 Nf6 5. O-O Be7 6. d3 b5 7. Bb3 d6 8. Bd2 O-O 9. h3 Bb7 10. Re1 Qd7 11. a3 Nd8 12. c4 Ne6 13. Nc3 c5 14. Rc1 Rab8 15. Ba2 Bc6 16. b4 bxc4 17. Bxc4 cxb4 18. axb4 Rxb4 19. Nd5 Ba4 20. Qe2 Rbb8 21. Nxe7+ Qxe7 22. Bxa6 Nc5 23. Bc4 Nb3 24. Bxb3 Bxb3 25. d4 d5 26. Nxe5 Qb7 27. f3 Rfe8 28. Qd3 Qb6 29. Kh2 dxe4 30. fxe4 Qd6 31. Rc6 Qd8 32. Rc5 Qd6 33. Rb1 Nd7 34. Rc3 Nxe5 35. dxe5 Qxe5+ 36. Kh1 Rbd8 37. Qf3 Rxd2 38. Rcxb3 Rd6 39. Rb5 Qf6 40. Rf5 Qe6 41. Rb7 1/2-1/2

[Event "Fagernes International Autumn 2023"]
[Site "Fagernes, Innlandet NOR"]
[Date "2023.10.11"]
[Round "5"]
[White "Aamodt, Peder Marcus"]
[Black "Lohia, Sohum"]
[Result "1/2-1/2"]
[WhiteElo "2047"]
[BlackElo "2177"]
[PlyCount "100"]
[EventDate "2023.??.??"]

1. d4 Nf6 2. c4 b6 3. Nc3 Bb7 4. Qc2 d5 5. cxd5 Nxd5 6. e4 Nxc3 7. bxc3 e5 8. Nf3 exd4 9. Bb5+ Nd7 10. Ne5 c6 11. Nxc6 Bxc6 12. Bxc6 Rc8 13. cxd4 Bb4+ 14. Ke2 O-O 15. Qa4 Nf6 16. Be3 Ng4 17. Bd7 b5 18. Qxb4 Qxd7 19. Rac1 Nxe3 20. Kxe3 Qg4 21. g3 f5 22. f3 f4+ 23. Ke2 Qh3 24. gxf4 Rxc1 25. Rxc1 Qxh2+ 26. Kd3 Qxf4 27. Rf1 g5 28. Qxb5 g4 29. Qb3+ Kh8 30. d5 g3 31. Qc3+ Kg8 32. Ke2 h5 33. Qe3 Qxe3+ 34. Kxe3 h4 35. Rh1 g2 36. Rg1 h3 37. Kf2 Kf7 38. Kg3 Rh8 39. Kh2 Ke7 40. e5 Rf8 41. Kxh3 Rxf3+ 42. Kxg2 Re3 43. d6+ Kd7 44. Kf2 Rxe5 45. Rg7+ Kxd6 46. Rxa7 Kc6 47. Kf3 Kb6 48. Ra8 Ra5 49. Rxa5 Kxa5 50. a4 Kxa4 1/2-1/2

[Event "Fagernes International Autumn 2023"]
[Site "Fagernes, Innlandet NOR"]
[Date "2023.10.12"]
[Round "6"]
[White "Kreken, Eivind Grunt"]
[Black "Aamodt, Peder Marcus"]
[Result "1-0"]
[WhiteElo "2237"]
[BlackElo "2047"]
[PlyCount "55"]
[EventDate "2023.??.??"]

1. d4 d5 2. c4 c6 3. Nf3 Nf6 4. Nc3 dxc4 5. a4 Bf5 6. e3 e6 7. Bxc4 Bb4 8. O-O O-O 9. Qe2 Bg6 10. Ne5 Nbd7 11. Nxg6 hxg6 12. Rd1 Qc7 13. e4 e5 14. d5 cxd5 15. Nxd5 Nxd5 16. exd5 Rac8 17. Ba2 Nb6 18. Bb3 Nc4 19. Bg5 a6 20. Bxc4 Qxc4 21. Qxe5 Rfe8 22. Qg3 f6 23. Bxf6 gxf6 24. Qxg6+ Kf8 25. Qxf6+ Kg8 26. d6 Rcd8 27. Rd4 Qe6 28. Qg5+ 1-0

[Event "Fagernes International Autumn 2023"]
[Site "Fagernes, Innlandet NOR"]
[Date "2023.10.13"]
[Round "7"]
[White "Aamodt, Peder Marcus"]
[Black "Vijayakumar, Rishi"]
[Result "1/2-1/2"]
[WhiteElo "2047"]
[BlackElo "2096"]
[PlyCount "231"]
[EventDate "2023.??.??"]

1. d4 Nf6 2. c4 e6 3. Nc3 Bb4 4. e3 O-O 5. Bd3 d5 6. a3 Bxc3+ 7. bxc3 dxc4 8. Bxc4 c5 9. Ne2 Qc7 10. Ba2 b6 11. O-O Ba6 12. Bb2 Nc6 13. Rc1 Rfd8 14. c4 cxd4 15. exd4 b5 16. d5 bxc4 17. Bxc4 Bxc4 18. Rxc4 exd5 19. Rh4 Qd6 20. Ng3 Ne7 21. Re1 Ng6 22. Nf5 Qc6 23. Rf4 Re8 24. Nh6+ Kf8 25. a4 gxh6 26. Rxf6 Rxe1+ 27. Qxe1 Qxa4 28. Qd2 Qe4 29. h3 Kg8 30. f3 Qe7 31. Rf5 Re8 32. Qxh6 Qe3+ 33. Qxe3 Rxe3 34. Rxd5 h6 35. Rd8+ Kh7 36. Ra8 Re2 37. Bd4 Rd2 38. Be3 Re2 39. Bf2 Ra2 40. Rxa7 Rxa7 41. Bxa7 Nf4 42. Kf2 Kg6 43. Be3 Ne6 44. f4 f5 45. Kf3 h5 46. g3 Nc7 47. Bc5 Nd5 48. Bd6 Nf6 49. Bb4 Nd5 50. Ba5 Nf6 51. Bc7 Ne4 52. g4 hxg4+ 53. hxg4 Nf6 54. g5 Ne4 55. Bd8 Nd6 56. Bb6 Nf7 57. Be3 Nd6 58. Ke2 Ne4 59. Kd3 Nd6 60. Kd4 Ne4 61. Kd5 Nc3+ 62. Ke6 Ne4 63. Ke5 Ng3 64. Bf2 Ne4 65. Bh4 Nd2 66. Bf2 Nf3+ 67. Kd5 Nd2 68. Ke6 Ne4 69. Be1 Nc5+ 70. Kd5 Ne4 71. Ke5 Nc5 72. Kd4 Ne6+ 73. Ke3 Nc5 74. Kf3 Ne6 75. Bc3 Nc5 76. Be5 Ne4 77. Bb8 Nd2+ 78. Ke2 Ne4 79. Kf3 Kh5 80. Be5 Kg6 81. Ba1 Kf7 82. Bh8 Kg8 83. Ba1 Kh7 84. Bb2 Kg6 85. Bh8 Nd2+ 86. Ke2 Ne4 87. Kf3 Kh7 88. Ba1 Nd2+ 89. Ke2 Ne4 90. Kf3 Nd6 91. Bb2 Kg6 92. Bh8 Kf7 93. Ba1 Ne4 94. Be5 Kg6 95. Ba1 Nd2+ 96. Ke2 Nb3 97. Kd3 Nc5+ 98. Ke2 Ne6 99. Kf3 Kf7 100. Bb2 Nc5 101. Ba1 Nb3 102. Bc3 Nc5 103. Ba1 Kg6 104. Bh8 Ne4 105. Ba1 Nd6 106. Bh8 Ne4 107. Ba1 Nd2+ 108. Ke2 Nc4 109. Kf3 Nd6 110. Bh8 Nf7 111. Ba1 Nd6 112. Bh8 Nc4 113. Bc3 Kf7 114. Be5 Kg6 115. Bc3 Kh5 116. Bb4 1/2-1/2

[Event "Fagernes International Autumn 2023"]
[Site "Fagernes, Innlandet NOR"]
[Date "2023.10.14"]
[Round "8"]
[White "Levitan, Ronit"]
[Black "Aamodt, Peder Marcus"]
[Result "1-0"]
[WhiteElo "2114"]
[BlackElo "2047"]
[PlyCount "91"]
[EventDate "2023.??.??"]

1. e4 e5 2. Nf3 Nc6 3. Nc3 Nf6 4. Bb5 Nd4 5. O-O Nxb5 6. Nxb5 d6 7. d4 c6 8. Nc3 Qc7 9. Bg5 Bg4 10. Qd3 Be7 11. Bxf6 Bxf6 12. d5 O-O 13. a4 a5 14. h3 Bh5 15. Rfd1 Be7 16. g4 Bg6 17. Nd2 Rfd8 18. Nc4 h5 19. Ne3 Bg5 20. Ng2 hxg4 21. hxg4 Qb6 22. b3 f6 23. Qf3 Kf7 24. Rd3 Rd7 25. Rad1 Ke7 26. Ne3 Bxe3 27. Rxe3 Rh8 28. Red3 Qd8 29. Qg2 Rh4 30. Rh3 Qh8 31. Rdd3 Qh6 32. Rxh4 Qxh4 33. Qh3 Qg5 34. Kg2 Rd8 35. Re3 Rc8 36. Kf1 Kf7 37. Re2 Qc1+ 38. Kg2 cxd5 39. exd5 Bxc2 40. Nb5 Bd1 41. Nxd6+ Kg8 42. Re3 Rc2 43. g5 Bh5 44. Qxh5 Qxe3 45. Qe8+ Kh7 46. g6+ 1-0

[Event "Fagernes International Autumn 2023"]
[Site "Fagernes, Innlandet NOR"]
[Date "2023.10.15"]
[Round "9"]
[White "Aamodt, Peder Marcus"]
[Black "Aguirre, Juan A. Gomez"]
[Result "1/2-1/2"]
[WhiteElo "2047"]
[BlackElo "2065"]
[PlyCount "62"]
[EventDate "2023.??.??"]

1. e4 e5 2. Nf3 Nc6 3. Bb5 a6 4. Ba4 Nf6 5. O-O Be7 6. Re1 b5 7. Bb3 O-O 8. a4 b4 9. d4 d6 10. dxe5 Nxe5 11. Nxe5 dxe5 12. Qe2 Bc5 13. Be3 Qe7 14. Nd2 Rd8 15. Rad1 Bg4 16. f3 Be6 17. Bxe6 Bxe3+ 18. Qxe3 Qxe6 19. Qc5 Rd4 20. Nf1 Rc4 21. Qf2 Qb6 22. Ne3 Rd4 23. Nf5 Rxd1 24. Rxd1 Qxf2+ 25. Kxf2 Kf8 26. Ne3 Ke7 27. Nf5+ Kf8 28. Ne3 Ke7 29. Nd5+ Nxd5 30. Rxd5 f6 31. Rc5 Kd6 1/2-1/2

[Event "ECU Youth Hybrid Championships - Open -"]
[Site "Prague, Czechia"]
[Date "2021.10.16"]
[Round "2"]
[White "Aamodt, Peder Marcus"]
[Black "Madhavan, Sanjith"]
[Result "1-0"]
[WhiteElo "1808"]
[BlackElo "1498"]
[Annotator "Aamodt, Peder Marcus"]
[PlyCount "101"]
[EventDate "2021.??.??"]
[WhiteTeam "Norway"]
[BlackTeam "Scotland"]
[WhiteTeamCountry "NOR"]
[BlackTeamCountry "SCO"]

1. e4 c6 2. Nf3 d5 3. Nc3 dxe4 4. Nxe4 Nf6 5. Qe2 Nxe4 6. Qxe4 Qd5 7. Qh4 Qe6+
8. Be2 Qg4 9. d4 $5 g6 10. Qxg4 Bxg4 11. Bf4 Bg7 12. O-O-O O-O 13. Rhe1 Nd7 14.
h3 Bxf3 15. Bxf3 {Og vi har kommet til et sluttspill hvor hvit står litt bedre
og presser} e6 16. c4 Rac8 17. Kb1 Nb6 18. b3 Rfd8 19. Be3 Rd7 20. a4 Rcd8 21.
Bg5 f6 22. Be3 Kf7 23. a5 Na8 $4 {Taper. Frem til nå har svart holdt seg
ganske bra, men nå står han til tap} (23... Nc8 {Gir mye mer mening} 24. a6 Ne7
25. axb7 Rxb7 26. Kc2 {Litt bedre for hvit}) 24. a6 b6 25. Bxc6 Rd6 26. Bxa8
Rxa8 27. Bf4 Rd7 28. c5 Bf8 29. Be3 Rc8 30. Rc1 bxc5 31. dxc5 Rc6 32. Kb2 Rxa6
33. Ra1 Rc6 34. b4 Rb7 35. Kc3 f5 36. Bd4 a6 37. Ra5 Rd7 38. Re2 Rd5 39. Kc4
Rdd6 40. b5 $2 Rxd4+ $1 41. Kxd4 Bxc5+ 42. Kc4 Rc7 $2 (42... axb5+ $1 {Her kan
svart fortsatt kjempe litt til} 43. Kxb5 Rc8 (43... Rc7 44. Rc2) 44. Ra6 {
Dette er det beste svart kan få}) 43. Rxa6 e5 44. Rc6 Rxc6 45. bxc6 Bd6 46. Kd5
Bc7 47. Rxe5 Bxe5 48. Kxe5 Ke7 49. f4 h6 50. c7 Kd7 51. Kf6 {Black Resigned}
1-0

[Event "ECU Youth Hybrid Championships - Open -"]
[Site "Prague, Czechia"]
[Date "2021.10.16"]
[Round "3"]
[White "Tarhan, Adar"]
[Black "Aamodt, Peder Marcus"]
[Result "0-1"]
[WhiteElo "2208"]
[BlackElo "1808"]
[Annotator "Aamodt, Peder Marcus"]
[PlyCount "68"]
[EventDate "2021.??.??"]
[WhiteTeam "Turkey"]
[BlackTeam "Norway"]
[WhiteTeamCountry "TUR"]
[BlackTeamCountry "NOR"]

1. e4 e5 2. Nf3 Nf6 3. Nxe5 d6 4. Nf3 Nxe4 5. Nc3 Nxc3 6. dxc3 Be7 7. Be3 Nd7
8. Qd2 O-O 9. O-O-O Nf6 10. Bd3 c5 11. Kb1 Be6 {Frem til hit var alt
forberedelser} 12. Ng5 d5 $6 {Jeg prøvde å ta kontroll over sentrum, men det
feiler fordi e-linjen blir svak} 13. h3 $6 (13. c4 {hadde vært litt bedre for
hvit}) 13... Qa5 14. Nxe6 (14. c4 {er også godt her}) 14... fxe6 15. f3 $2 {
vil stoppe c4 etterfulgt av Se4} b5 $6 (15... c4 {Var bedre og raskere} 16. Be2
Rac8 {Med stor fordel til svart}) 16. Rhe1 Rfc8 17. g4 c4 18. Bf1 $6 (18. Bf5
$1 {Er likt!} exf5 19. g5 {Og svart må gi springeren tilbake fordi det er et
stort press på d5} b4 20. cxb4 Bxb4 21. c3 Be7 22. gxf6 Bxf6 23. Qxd5+ Qxd5 24.
Rxd5 g6 $11) 18... Rc6 19. Qc1 Ra6 $6 (19... b4 {Er sterkere}) 20. a3 Rb8 21.
Bf4 Rb7 22. Bd2 b4 $2 (22... Kf7 $1 {Er det beste trekket i stillingen}) 23.
cxb4 Bxb4 24. Bxb4 $2 ({Begge to overså} 24. Rxe6 $1 {Som gjør det likt}) 24...
Rxb4 25. Ka2 Rab6 26. Re3 $4 {Nå kan ikke hvit kjempe lenger} Rxb2+ 27. Qxb2
Rxb2+ 28. Kxb2 Qb6+ 29. Rb3 cxb3 30. cxb3 Qf2+ 31. Ka1 Qxf3 32. Rb1 Qc3+ 33.
Ka2 Ne4 34. Rb2 Qc1 0-1

[Event "ECU Youth Hybrid Championships - Open -"]
[Site "Prague, Czechia"]
[Date "2021.10.17"]
[Round "4"]
[White "Aamodt, Peder Marcus"]
[Black "Krawczyk, Flawian"]
[Result "0-1"]
[WhiteElo "1808"]
[BlackElo "2070"]
[Annotator "Aamodt, Peder Marcus"]
[PlyCount "112"]
[EventDate "2021.??.??"]
[WhiteTeam "Norway"]
[BlackTeam "Poland"]
[WhiteTeamCountry "NOR"]
[BlackTeamCountry "POL"]

1. d4 Nf6 2. c4 c5 3. d5 b5 4. cxb5 a6 5. bxa6 g6 6. Nc3 Bg7 7. e4 O-O {Her
hadde jeg glemt alt av teori} 8. Bg5 Qa5 9. Qd2 d6 10. Bd3 Bxa6 11. Nge2 Nbd7
12. Bxa6 Qxa6 13. O-O Rfb8 14. b3 Rb4 15. Qc2 Rab8 16. Ng3 c4 17. Rab1 Rc8 18.
Qe2 Nc5 19. bxc4 Qxc4 20. Bxf6 $4 {Så langt har jeg klart meg ganske greit,
men her stiller jeg meg opp for passivt.} (20. a3 $11 Qxe2 21. Ngxe2 Rxb1 22.
Rxb1 Nfxe4 23. Nxe4 Nxe4 24. Bxe7 Re8 25. Rb7 Bf6 26. Bxf6 Nxf6 27. Kf1 Nxd5 {
svart vinner bonden tilbake og klarer remis}) 20... Bxf6 21. Rxb4 Qxb4 22. Nb1
Ra8 23. Qc2 Qa4 24. Qxa4 Rxa4 {Her klarer jeg ikke å dekke begge bøndene og
jeg står klart til tap} 25. Nd2 Rxa2 26. Rd1 Nd3 27. Kf1 Bd4 28. Nh1 Nc5 29.
Ng3 h5 30. Ne2 Be5 31. g3 Bg7 32. Nc1 Rb2 33. Nc4 Rb4 34. Na5 Rxe4 35. Nc6 Bf6
36. Nd3 Nxd3 37. Rxd3 Rc4 38. Re3 Kf8 39. Ra3 e6 40. Na5 Rc1+ 41. Ke2 exd5 42.
Rd3 d4 43. Nb3 Rc3 44. Na5 Ke7 45. Nb3 d5 46. h3 Kd6 47. Kd2 h4 48. g4 Be5 49.
Ke2 Ke6 50. Kd2 Kf6 51. Ke2 Kg5 52. Nd2 Kf4 53. Rf3+ Rxf3 54. Nxf3 d3+ 55. Kf1
Kxf3 56. Kg1 d2 0-1

[Event "ECU Youth Hybrid Championships - Open -"]
[Site "Prague, Czechia"]
[Date "2021.10.18"]
[Round "5"]
[White "Kosta, Kelvin"]
[Black "Aamodt, Peder Marcus"]
[Result "0-1"]
[WhiteElo "1293"]
[BlackElo "1808"]
[Annotator "Aamodt, Peder Marcus"]
[PlyCount "88"]
[EventDate "2021.??.??"]
[WhiteTeam "Albania"]
[BlackTeam "Norway"]
[WhiteTeamCountry "ALB"]
[BlackTeamCountry "NOR"]

1. e4 e5 2. Nf3 Nc6 3. Bc4 Nf6 4. d3 h6 5. Nc3 Bc5 6. Be3 Bb6 7. h3 d6 8. Qd2
Na5 $5 9. Bb3 Qe7 10. Nh2 Nc6 11. O-O g5 12. Nd5 Qd8 13. Bxb6 axb6 14. c3 Be6
15. Nxf6+ Qxf6 16. Bxe6 fxe6 17. f3 O-O-O {Jeg hadde en følelse over at svart
sitt angrep skulle gå raskere enn hvits} 18. b4 h5 19. a4 Rdg8 20. a5 Kd7 $2 {
Det var vanskelig å innse at man nesten måtte åpne foran kongen på et eller
annet hvis} 21. axb6 cxb6 22. b5 Na5 23. Qe3 {Jeg trodde at jeg hadde sluppet
billig unna, men innså raskt at det var feil} Kc7 24. Ra4 d5 25. Rb1 Ra8 26.
Qf2 Rhd8 27. Qa2 Qe7 28. Kh1 Qc5 29. c4 $2 {Her står svart best.} dxe4 $6 {
Tenkte ikke på at hvit kunne slå med f-bonden} (29... dxc4 {og det er en
behagelig stilling for svart}) 30. fxe4 Rxd3 31. Qe2 Rad8 32. Qxh5 Qf2 33. Raa1
Rg3 $4 {Taper. Morsomt som det er så trodde jeg at svart sto til vinst før Tg3,
men Stockfish sier at det er likt.} 34. Rg1 Kb8 $5 {Jeg innså at det er ganske
vanskelig for svart å finne et trekk} 35. Ng4 Qf4 36. c5 $1 {Noe jeg overså}
Nb3 37. Raf1 Qxe4 38. cxb6 Nd4 39. Qxg5 $4 {Det blir sendt en gavepakke til
meg fra hvit.} (39. Nf6 {Tror jeg vinner ganske greit}) 39... Rxh3+ 40. Nh2
Rdh8 $6 41. Rf8+ $6 (41. Qxe5+ {Kunne man spilt, men det taper fortsatt} Qxe5
42. gxh3 Ne2 {vinner} (42... Rxh3 $4 {et siste triks} 43. Rf8#)) 41... Rxf8 42.
Qe7 Rxh2+ 43. Kxh2 Rh8+ 44. Kg3 Qf4# 0-1